|
|
|
|
| LEADER |
01042nam a2200265 a 4500 |
| 001 |
GR-Patra14639 |
| 008 |
020701s1995 nyu e b 001 0 eng d |
| 020 |
|
|
|a 0412996014
|
| 040 |
|
|
|a GrPaTEI
|b gre
|c GR-PaULI
|
| 040 |
|
|
|a GrPaTEI
|b gre
|c GR-PaULI
|
| 082 |
|
0 |
|a 624.17
|
| 100 |
1 |
|
|a Levy, Robert
|
| 245 |
1 |
0 |
|a Analysis of geometrically nonlinear structures /
|c Robert Levy, William R. Spillers.
|
| 260 |
|
|
|a New York :
|b Chapman & Hall,
|c c1995
|
| 300 |
|
|
|a xvi, 199σ. +
|e 1 disk
|
| 504 |
|
|
|a Περιλαμβάνει βιβλιογραφίες και ευρετήριο.
|
| 650 |
|
0 |
|a Computer-aided engineering
|
| 650 |
|
0 |
|a Nonlinear theories
|
| 650 |
|
0 |
|a Structural analysis (Engineering)
|
| 700 |
1 |
|
|a spillers, William R.
|
| 710 |
0 |
|
|a Chapman and Hall
|
| 942 |
|
|
|2 ddc
|
| 952 |
|
|
|0 0
|1 0
|2 ddc
|4 0
|6 624_170000000000000_LEV
|7 0
|9 293658
|a LISK
|b LISK
|c BSC
|d 2021-01-17
|e 24
|f 0
|g 0.00
|l 0
|o 624.17 LEV
|p 92410018930
|r 2021-01-17 00:00:00
|t 1
|w 2021-01-17
|y BK15
|x 20020701 0 1
|x GrPaTEI
|
| 971 |
|
|
|a .b2662154x
|b 01-10-20
|c 23-09-16
|
| 999 |
|
|
|c 171626
|d 171626
|